[Event "11th Mumbai Mayors Cup 2018"]
[Site "Mumbai"]
[Date "2018.06.09"]
[Round "9"]
[White "Kravtsiv, Martyn"]
[Black "Pruijssers, Roeland"]
[Result "0-1"]
[WhiteElo "2662"]
[BlackElo "2514"]
[Annotator "TA"]
[PlyCount "168"]
[EventDate "2018.??.??"]
[EventType "swiss"]
[EventCountry "IND"]
[SourceTitle "playchess.com"]
[Source "ChessBase"]
[SourceQuality "1"]

{[%evp 19,168,0,0,-62,-11,-14,-16,-33,-31,-64,-34,-48,-25,-56,-39,-74,-47,-66,-39,-40,-9,-41,-22,-32,7,-24,0,0,0,-11,-11,-81,-84,-122,-112,-122,-104,-103,-132,-101,-125,-110,-119,-121,-97,-321,-289,-314,-294,-331,-333,-335,-337,-332,-341,-339,-330,-307,-311,-333,-355,-375,-363,-341,-256,-359,-352,-288,-304,-643,-621,-591,-591,-674,-669,-655,-542,-458,-483,-997,-897,-768,-668,-1370,-1370,-1192,-1195,-1401,-1088,-1145,-1248,-893,-872,-29971,-29972,-29968,-29972,-29974,-29965,-29963,-29966,-29964,-29969,-29968,-29965,-29965,-29962,-29961,-29946,-29968,0,-29947,0,-29958,-12842,-12850,-29941,-29946,-29954,-11243,-12530,-5085,-5397,-29976,-29976,-29977,-29978,-29983,-29976,-29975,-29976,-29976,-29975,-29975,-29976,-29976,-29976,-29976,-29972,-29980,-29981,-29981,-29980,-29984,-29985,-29986,-29987,-29987,-29988,-29988,-29989]} 1. Nf3 Nf6 2. g3 e6 3. Bg2 d5 4. O-O Be7 5. d3 O-O 6. Nbd2 c5 7. e4 Nc6 8. Re1 Qc7 9. Qe2 a5 {C00: French: Unusual White 2nd moves} (9... b5 10. e5 Nd7 11. Nf1 Bb7 12. h4 Rfc8 13. Bf4 a5 14. N1h2 a4 15. Ng5 Nd4 16. Qd1 a3 17. b3 b4 18. Rc1 Nf8 19. h5 h6 20. Nh3 {0-1 (52) Maghsoodloo,P (2594)-Mareco,S (2632) Moscow 2018}) 10. e5 Nd7 {LiveBook: 3 Games} 11. h4 ({White should play} 11. c4 $11) 11... f6 $146 ({Better is} 11... b5 $15) ({Predecessor:} 11... b5 12. Nf1 Ba6 13. Bf4 b4 14. Ne3 a4 15. Ng5 g6 16. Nxd5 Qd8 17. Nxe7+ Nxe7 18. Bxa8 Qxa8 19. a3 Qc6 20. Qe4 Nd5 21. h5 h6 22. Nf3 {1-0 (31) Stanojoski,Z (2514)-Dinev,D (2312) Struga 2008}) 12. exf6 $11 Nxf6 13. Nf1 Bd6 14. Bg5 Bd7 15. c3 Rae8 16. N3h2 {[%cal Bf3h2,Bh2g4,Bg4e3][%mdl 32]} Bc8 17. Nd2 Qf7 18. Bxf6 Qxf6 19. f4 Bd7 20. Ng4 Qf5 21. Rf1 Kh8 22. Kh2 Qh5 {Strongly threatening ...e5.} 23. Bf3 {aiming for Ne5.} Qf5 {...e5 is the strong threat.} 24. Ne3 Qf6 25. Rae1 (25. Bg4 $11 {remains equal.}) 25... e5 $1 $36 {[%cal Re5f4,Be6e5,Be5e4][%mdl 2080] Black is really pushing.} ({Stronger than} 25... Bxf4 26. gxf4 Qxh4+ 27. Kg1 $16) 26. Nxd5 Qh6 $1 {[%cal Re5f4]} 27. f5 {Hoping for Be4.} e4 $1 {[%cal Re4f3]} 28. Nxe4 {[#] And now Bh5 would win.} Qxh4+ $1 ({Not} 28... Rxf5 29. Qg2 $14) 29. Kg2 Bxg3 $1 {[%csl Gg3][%cal Rh4h2]} 30. Rh1 Bxe1 31. Rxh4 Bxh4 32. Bg4 $2 (32. Ne3 $17 {keeps fighting.}) 32... Bxf5 $19 33. Bxf5 Rxf5 34. Ne3 {[#]} Rxe4 $1 35. dxe4 Rf2+ 36. Qxf2 Bxf2 37. Kxf2 {[%mdl 4096] Endgame KN-KN} Ne5 38. Nf5 g5 39. Nd6 b6 {[%cal Bb7b6,Bb6b5][%mdl 32]} 40. Nc8 b5 41. Nd6 Nd3+ 42. Ke3 (42. Kf3 $142 Kg7 43. Nxb5) 42... Nxb2 43. e5 Kg7 44. Nxb5 $2 (44. Ke4 Kg6 45. e6) 44... h5 {[%cal Bh7h5,Bh5h4,Bh4h3][%mdl 32]} 45. Nd6 h4 46. Ke4 h3 47. Kf3 Nd3 48. Kg3 {[#]} g4 $1 49. Nf5+ (49. Nc4 $142 Nc1 50. Nxa5) 49... Kg6 50. e6 Ne5 51. a4 Nc4 52. e7 Kf7 53. Nh6+ Kxe7 54. Nxg4 Nb6 55. Kxh3 Ke6 56. Kg3 Nxa4 57. Kf3 Nxc3 58. Ke3 Kd6 59. Kd3 Nd5 60. Kc4 a4 61. Nf2 Kc6 62. Ne4 Nb6+ 63. Kc3 Nc8 64. Kc2 Nb6 65. Kc3 $1 Nd5+ 66. Kc4 Ne3+ 67. Kc3 Nf5 68. Kb2 Nd6 69. Nc3 Nc4+ 70. Kc2 Nb6 71. Kd3 c4+ {Black mates.} 72. Kc2 a3 73. Ne4 Kd5 74. Nc3+ Kc5 75. Ne4+ Kb4 76. Nc3 Na4 77. Na2+ Kc5 78. Nc1 Kd5 79. Kb1 Nc3+ 80. Ka1 Nb5 81. Kb1 Kd4 82. Kc2 Nc3 83. Nb3+ cxb3+ 84. Kxb3 Nb5 {Precision: White = 41%, Black = 69%.} 0-1

[Event "11th Mumbai Mayors Cup 2018"]
[Site "Mumbai"]
[Date "2018.06.09"]
[Round "9"]
[White "Mozharov, Mikhail"]
[Black "Khusenkhojaev, Muhammad"]
[Result "1/2-1/2"]
[WhiteElo "2558"]
[BlackElo "2445"]
[Annotator "TA"]
[PlyCount "137"]
[EventDate "2018.??.??"]
[EventType "swiss"]
[EventCountry "IND"]
[SourceTitle "playchess.com"]
[Source "ChessBase"]
[SourceQuality "1"]

{[%evp 25,137,14,28,17,58,23,14,18,49,42,40,60,58,54,54,0,0,-8,-8,-24,0,-25,-37,-79,-75,-115,-107,-117,-127,-131,-129,-118,-111,-208,-198,-171,-191,-201,-150,-158,-137,-164,-103,-99,-78,-91,-96,-141,-140,-142,-137,-179,-175,-177,-167,-176,-177,-592,-580,-501,-340,-328,-328,-323,-312,-313,-312,-312,-164,-267,0,0,0,0,0,0,0,0,0,0,0,0,0,0,0,0,0,0,0,0,0,0,0,0,0,0,0,0,0,0,0,0,0,0,0,0,0,0,0,0,0,0,0,0]} 1. d4 Nf6 2. c4 g6 3. f3 d5 4. cxd5 Nxd5 5. e4 Nb6 6. Nc3 Bg7 7. Be3 O-O 8. Qd2 e5 9. d5 c6 {D70: Grünfeld: Unusual White 3rd moves (met by ...d5)} 10. Rd1 cxd5 11. exd5 N8d7 12. Nh3 e4 13. fxe4 Ne5 {LiveBook: 6 Games} 14. Nf2 f5 15. Bg5 (15. Bc5 Rf7 16. Be2 f4 17. Bf3 {½-½ (25) Aronian,L (2805)-Vachier Lagrave,M (2789) London 2017}) 15... Qe8 16. Bb5 Bd7 17. Bxd7 Qxd7 18. O-O $146 Rac8 19. Qe2 Nec4 20. Rc1 (20. d6 $14) 20... Rfe8 $11 21. Bf4 fxe4 22. Ncxe4 Nxd5 23. Qd3 Qe6 24. Bg3 Nxb2 25. Qb3 {[#]} Nc3 $1 $36 {[%mdl 2560] White is under strong pressure.} 26. Nxc3 (26. Rxc3 Bxc3) 26... Qxb3 27. axb3 Rxc3 28. Rxc3 Bxc3 29. Rb1 (29. Ng4 $17) 29... a5 $19 30. Kf1 b5 {[%cal Bb7b5,Bb5b4][%mdl 32]} 31. Bd6 {White wants to play Ba3.} b4 32. g3 Bd4 33. Bf4 Bxf2 ({Better is} 33... Rf8 $19 {Strongly threatening ...g5!} 34. h4 Re8) 34. Rxb2 {[%mdl 4096] Endgame KRB-KRB} Bd4 35. Ra2 Bb6 36. Rc2 Kf7 $1 37. Rc4 h5 38. h3 Re6 39. g4 hxg4 40. hxg4 Ke7 41. Bc7 $2 (41. Kg2) 41... Bxc7 42. Rxc7+ {KR-KR} Kf6 43. Rc5 {[#]} Re5 $1 {[%cal Re5c5]} 44. Rc6+ Kg5 45. Kf2 Re4 (45... Kxg4 46. Rxg6+ Kf4 47. Rf6+ Ke4 48. Ke2 $17) 46. Ra6 Rf4+ ({Weaker is} 46... Rxg4 47. Rxa5+ Kh4 48. Rb5 $17) (46... Kxg4 47. Rxg6+ Kf5 48. Rd6 $17) (46... Rd4 $142 47. Ke2 Re4+ 48. Kd3 Rxg4 49. Rxa5+ Kh4) 47. Ke2 {[#]} Rxg4 $2 (47... Kxg4 48. Rxg6+ Kh4 49. Rb6 $11) ({Black should play} 47... Rd4 $1 $19 {[%cal Rd4d5]} 48. Rxa5+ Kxg4) 48. Rxa5+ $11 {The position is equal.} Kh4 {...Rg3 is the strong threat.} 49. Rb5 g5 50. Kf2 Kh3 51. Kf3 Rg3+ 52. Kf2 Rg2+ 53. Ke3 g4 {And now ...Rg3+ would win.} 54. Rxb4 g3 {Hoping for ...Rb2.} 55. Rb8 Rb2 56. Kd4 g2 57. Rh8+ Kg3 58. Rg8+ Kf2 59. Kc4 g1=Q (59... Rc2+ {seems wilder.} 60. Kd5 Rd2+ 61. Kc5 Kf3 62. b4 Rc2+) 60. Rxg1 Kxg1 {KR-KP} 61. b4 $1 {[%cal Bb3b4,Bb4b5,Bb5b6][%mdl 32]} Kf2 62. b5 Ke3 63. Kc5 Ke4 64. b6 Ke5 {( -> ...Rc2+)} 65. Kc6 Rc2+ 66. Kd7 $1 Rd2+ 67. Kc7 Rb2 68. b7 {[#]} Rxb7+ $1 {[%mdl 512]} 69. Kxb7 {Precision: White = 58%, Black = 85%.} 1/2-1/2

[Event "11th Mumbai Mayors Cup 2018"]
[Site "Mumbai"]
[Date "2018.06.09"]
[Round "9"]
[White "Ghosh, Diptayan"]
[Black "Raja Rithvik R"]
[Result "1-0"]
[WhiteElo "2536"]
[BlackElo "2296"]
[Annotator "TA"]
[PlyCount "79"]
[EventDate "2018.??.??"]
[EventType "swiss"]
[EventCountry "IND"]
[SourceTitle "playchess.com"]
[Source "ChessBase"]
[SourceQuality "1"]

{[%evp 17,79,8,12,-15,-17,-11,-15,-16,-10,-25,0,0,10,-12,14,6,31,0,11,14,10,0,50,-14,15,0,0,-24,54,34,53,43,47,17,36,29,38,0,0,-5,37,19,47,23,85,61,80,96,122,116,156,152,304,296,316,144,626,481,550,547,513,490,974,952]} 1. e4 c5 2. Nf3 d6 3. d4 cxd4 4. Nxd4 Nf6 5. Nc3 a6 6. Be2 e5 7. Nf3 Be7 8. Bg5 Nbd7 9. a4 {B92: Sizilianisch (Najdorf-Variante mit 6.Le2)} h6 {LiveBook: 12 Partien} (9... b6 10. Nd2 h6 11. Bxf6 Nxf6 12. Nc4 Bb7 13. a5 b5 14. Nb6 Nxe4 15. Nxe4 Bxe4 16. Bf3 Bxf3 17. Qxf3 {1-0 (39) Carlsen,M (2832)-Vachier Lagrave,M (2796) Paris 2017}) 10. Bh4 g5 11. Bg3 {Die Stellung ist ausgeglichen.} Qb6 $146 ({Vorgänger:} 11... Nc5 12. Nd2 Be6 13. f3 h5 14. Nc4 Rc8 15. Ne3 {0-1 (37) Fleck,J (2408)-Naiditsch,A (2524) Germany 2001}) 12. Qc1 Nc5 13. Nd2 Be6 14. f3 Rc8 15. Bf2 Qc7 16. O-O Rg8 17. Qe1 h5 {[%cal Bh6h5,Bh5h4,Bh4h3][%mdl 32]} 18. a5 h4 19. Kh1 Qc6 20. Ra3 ({Besser ist} 20. Na2 $14) 20... h3 21. g3 g4 22. Be3 d5 (22... Ncd7 $11 23. Ra4 d5 24. exd5 Bxd5) 23. exd5 Nxd5 24. Nxd5 Bxd5 25. Rc3 {[#] Schwarz muss nun Lxc5 beachten.} Qd7 $1 26. Kg1 Ne6 27. fxg4 Rxc3 28. bxc3 Rg6 29. Nf3 Qc7 30. Qd2 Be4 {[#]} (30... Bxf3 $1 $11 {bleibt in der Remisbreite.} 31. Bxf3 Ng5) 31. Nh4 $1 $16 Bxh4 32. gxh4 f5 33. g5 $36 {[%mdl 2048] Droht stark Lh5. Weiss ist am Drücker.} Rg7 34. Rd1 f4 $2 (34... Rh7 $16) 35. Bb6 $18 Qe7 36. Bg4 (36. Bh5+ $18 {ist viel giftiger.} Kf8 37. Bg4) 36... Kf7 $2 {[%mdl 8192]} (36... Bc6 $16) 37. Qd7 {Weiß steht klar auf Gewinn.} Qxd7 38. Rxd7+ Ke8 39. Rd6 ({Schwächer ist} 39. Bxe6 Rxd7 40. Bxd7+ Kxd7 $15) 39... Nc7 (39... Nf8 $142 40. Kf2 (40. Bxh3 Rh7 $16) 40... Bg2 41. Bh5+ Ke7) 40. Bh5+ {Precision: Weiß = 39%, Schwarz = 22%.} 1-0

[Event "11th Mumbai Mayors Cup 2018"]
[Site "Mumbai"]
[Date "2018.06.09"]
[Round "9"]
[White "Burmakin, Vladimir"]
[Black "Raahul V S"]
[Result "1-0"]
[WhiteElo "2528"]
[BlackElo "2233"]
[Annotator "TA"]
[PlyCount "49"]
[EventDate "2018.??.??"]
[EventType "swiss"]
[EventCountry "IND"]
[SourceTitle "playchess.com"]
[Source "ChessBase"]
[SourceQuality "1"]

{[%evp 20,49,9,4,6,17,8,12,16,-22,3,10,78,85,127,143,129,147,233,227,370,352,437,444,441,445,520,519,526,512,500,478]} 1. Nf3 Nf6 2. g3 g6 3. b3 Bg7 4. Bb2 d6 5. d4 O-O 6. Bg2 c5 7. O-O cxd4 8. Nxd4 d5 9. Na3 Re8 {A49: 1 d4 Nf6 2 Nf3 g6 3 g3: Anti-King's Indian systems} (9... Nc6 10. c4 Nxd4 11. Bxd4 Qa5 12. Qc1 Be6 13. Qb2 Rac8 14. b4 Qd8 15. cxd5 Bxd5 16. e4 Be6 17. Rfd1 {½-½ (64) Adly,A (2626)-Assaubayeva,B (2359) Sharjah 2018}) 10. Nf3 Nc6 11. c4 {LiveBook: 8 Games} e5 {The position is equal.} 12. cxd5 Nxd5 13. Nc4 Bg4 $146 {White should prevent ...e4.} ({Predecessor:} 13... e4 14. Bxg7 Kxg7 15. Ne1 b5 16. Nb2 Nc3 17. Qc2 {0-1 (32) Kostic,V (2395)-Pavlovic,M (2480) Igalo 1994}) 14. Nfd2 (14. Nfxe5 $5 Nxe5 15. Nxe5 Bxe5 16. Bxe5 $14) 14... Nd4 15. Re1 $1 Rc8 (15... b5 $11 16. Bxd5 Qxd5) 16. Ne4 $16 Re6 {[#]} 17. h3 $1 {[%cal Rh3g4]} Bf5 18. e3 {[%cal Be2e3,Be3e4][%mdl 32]} Nb5 {[#]} (18... b5 $16) 19. Ng5 $1 $18 {[%mdl 512]} Qxg5 (19... Nbc3 {was worth a try.} 20. Bxc3 (20. Nxe6 Bxe6 21. Qd3 b5 $16) 20... Nxc3 21. Qxd8+ (21. Nxe6 Bxe6 22. Qxd8+ Rxd8 $16) 21... Rxd8) 20. Qxd5 a6 21. e4 {White is clearly winning.} Rd8 22. Qxb7 ({Less strong is} 22. exf5 Rxd5 23. fxe6 fxe6 $14) 22... Re7 23. Qb6 Re6 24. Qe3 Qxe3 25. Nxe3 1-0

[Event "11th Mumbai Mayors Cup 2018"]
[Site "Mumbai"]
[Date "2018.06.09"]
[Round "9"]
[White "Tran, Tuan Minh"]
[Black "Rathanvel, V S"]
[Result "1-0"]
[WhiteElo "2514"]
[BlackElo "2301"]
[Annotator "TA"]
[PlyCount "86"]
[EventDate "2018.??.??"]
[EventType "swiss"]
[EventCountry "IND"]
[SourceTitle "playchess.com"]
[Source "ChessBase"]
[SourceQuality "1"]

{[%evp 19,86,19,35,-4,0,0,0,-8,0,-23,-20,-55,-59,-79,-77,-149,-89,-89,-20,-17,0,0,14,24,24,17,43,29,95,99,175,93,225,227,225,229,299,291,289,295,293,328,333,327,347,322,393,377,426,419,404,402,601,600,731,708,814,728,1169,1168,1516,1463,29988,29989,29989,29989,29990,29990,29989]} 1. d4 Nf6 2. c4 g6 3. Nc3 d5 4. Bg5 Ne4 5. Bh4 Nxc3 6. bxc3 dxc4 7. e3 Be6 8. Be2 Bg7 9. Nf3 Nd7 {D91: Grünfeld: 4 Nf3 Bg7 5 Bg5} 10. O-O Nb6 {LiveBook: 57 Games} 11. Qc1 {[%mdl 1024] White has compensation.} (11. Qc2 O-O 12. Rfb1 Bd7 13. a4 a5 14. Bg3 Bc6 15. e4 Qd7 16. Rxb6 cxb6 {½-½ (101) Tomashevsky,E (2696)-Vachier Lagrave,M (2795) Moscow 2017}) 11... O-O {The position is equal.} 12. a4 $146 ({Predecessor:} 12. Qa3 Re8 13. Rab1 h6 14. Bg3 c6 15. Rfc1 Bg4 {1-0 (58) Lu,A (2232)-Pan,C (1977) Orange 2015}) 12... a5 13. Qa3 Re8 14. Rfb1 Bd5 15. Nd2 Qd7 16. Bg3 e5 {Hoping for ...exd4.} 17. Rxb6 (17. Nf3 $142) 17... cxb6 (17... exd4 $142 $1 18. Nxc4 dxe3) 18. Nxc4 $17 Qc6 (18... Bxc4 $17 19. Bxc4 Rec8) 19. Nxe5 $11 Bxe5 20. Bb5 Qd6 (20... Qe6 {seems wilder.} 21. Bxe5 Rec8 22. h3 f6 23. Bf4 Bc4) 21. Bxe5 Qxa3 22. Rxa3 Bc6 23. Bc7 Re6 (23... Bxb5 $11 24. axb5 Re6) 24. Bc4 $16 Ree8 {[#]} (24... Rf6 $16 {might work better.}) 25. Bxb6 (25. d5 $1 $18) 25... Rec8 {[#]} (25... Be4 $16) 26. d5 $1 $18 Bd7 27. Bd3 Bf5 28. e4 Bd7 29. f4 Re8 30. Kf2 Kf8 31. Ke3 h6 32. Kd4 g5 33. g3 {[%cal Bg2g3,Bg3f4][%mdl 32]} gxf4 34. gxf4 Ke7 35. Rb3 Bc8 (35... Bxa4 $142 36. Bc5+ Kf6) 36. Bc5+ Kd8 37. Rb6 Rh8 38. Rf6 Bd7 39. Rxf7 Bxa4 40. e5 {[%cal Be4e5,Be5e6][%mdl 32]} Bd7 41. e6 {White mates.} Be8 42. Bb6+ Kc8 43. Rc7+ Kb8 {Precision: White = 75%, Black = 25%.} 1-0

[Event "11th Mumbai Mayors Cup 2018"]
[Site "Mumbai"]
[Date "2018.06.09"]
[Round "9"]
[White "Rahman, Ziaur"]
[Black "Nitish Belurkar"]
[Result "1/2-1/2"]
[WhiteElo "2498"]
[BlackElo "2309"]
[Annotator "TA"]
[PlyCount "117"]
[EventDate "2018.??.??"]
[EventType "swiss"]
[EventCountry "IND"]
[SourceTitle "playchess.com"]
[Source "ChessBase"]
[SourceQuality "1"]

{[%evp 19,117,24,26,14,24,10,28,27,26,19,11,21,18,7,0,0,0,0,18,8,48,0,6,-16,0,0,12,6,24,15,22,14,36,39,83,63,73,81,74,52,95,100,104,111,119,113,97,70,61,50,52,22,67,0,0,0,42,0,0,0,0,0,0,-2,10,6,28,28,29,22,31,14,19,14,26,0,0,0,0,0,14,14,14,14,14,0,0,0,0,0,0,0,0,0,0,0,0,-34,-8,-14]} 1. Nf3 Nf6 2. g3 d5 3. Bg2 e6 4. O-O Be7 5. c4 O-O 6. b3 b6 7. Bb2 Bb7 8. e3 Nbd7 9. Nc3 Rc8 10. Qe2 c5 {LiveBook: 106 Games} 11. Ne1 {A14: English Opening: 1...e6 with b3 by White} (11. Rac1 Qc7 12. Rfd1 Qb8 13. h3 Rfd8 14. d3 Bf8 15. g4 h6 16. cxd5 Nxd5 17. Ne4 Nb4 18. a3 Nc6 19. g5 h5 20. g6 fxg6 {0-1 (59) Iturrizaga Bonelli,E (2652)-Gharamian,T (2624) Lisbon 2017}) 11... Qc7 12. f4 Ne4 $146 ({Predecessor:} 12... Rfd8 13. g4 Ne4 14. g5 Nf8 15. Nb5 Qd7 16. d3 dxc4 17. bxc4 a6 18. Nc3 Nxc3 19. Bxc3 Bxg2 20. Qxg2 b5 21. cxb5 axb5 22. Qb2 c4 23. Bxg7 Bc5 24. Rf3 Qa7 25. Kf2 {½-½ (25) Stopa,J (2491)-Feuerstack,A (2418) Kiel 2013}) 13. Nb5 {White has an edge.} Qb8 $1 14. d3 Nd6 15. Nxd6 Qxd6 16. e4 d4 17. e5 Qc7 18. Nf3 Rfe8 19. h4 f5 20. h5 (20. exf6 $5 Bxf6 21. Nd2 $11) 20... Rf8 21. Bh3 Rf7 22. Bc1 Rcf8 23. Bd2 Qc6 (23... g5 $5 24. Nxg5 Bxg5 25. fxg5 Qxe5 $11) 24. Kh2 Kh8 25. b4 Qc8 26. b5 Qa8 27. a4 a5 28. bxa6 Qxa6 29. Bg2 Nb8 {[%cal Bd7b8,Bb8c6,Bc6b4][%mdl 32]} 30. a5 {And now axb6 would win.} Nc6 {[%cal Rb6a5]} 31. axb6 Qxb6 {[#]} 32. Rfb1 $1 {[%cal Rb1b6]} Qc7 33. Ne1 Rb8 34. Rb5 Rff8 35. Bf3 {Black must now prevent Qg2.} Nb4 36. Rba5 ({White should try} 36. Bxb7 $14 Rxb7 37. Bxb4 cxb4 38. Raa5) 36... Nc6 $11 37. R5a2 Ra8 38. Qd1 Rxa2 39. Rxa2 Rb8 40. Qa1 Qc8 41. Bg2 Ra8 (41... Kg8 {is more complex.} 42. Kg1 Bf8 43. Qd1 Ne7 44. Bxb7 Rxb7 45. Qa1 Rb8) 42. Rxa8 Qxa8 (42... Bxa8 {keeps more tension.} 43. Qa4 Kg8 44. Bc1 g6 45. hxg6 hxg6 46. Ba3 Kf7) 43. Qxa8+ Bxa8 44. Nc2 {Hoping for Na1.} Bb7 45. Na3 Kg8 46. Nb5 Kf7 47. Kh3 (47. Bf3 {is interesting.} Nd8 48. Bd1 Nc6 49. g4 g6 50. g5) 47... Nd8 48. Bxb7 Nxb7 {[%mdl 4096] Endgame KBN-KBN} 49. g4 Bd8 50. Kg3 Ke8 51. Kf3 Kd7 52. gxf5 exf5 53. Ke2 g6 54. hxg6 hxg6 55. Kf3 Be7 56. Na3 Nd8 57. Nc2 Nf7 58. Na3 Bd8 59. Nb5 {Precision: White = 50%, Black = 42%.} 1/2-1/2

[Event "11th Mumbai Mayors Cup 2018"]
[Site "Mumbai"]
[Date "2018.06.09"]
[Round "9"]
[White "Karthik Venkataraman"]
[Black "Harsha Bharathakoti"]
[Result "1-0"]
[WhiteElo "2475"]
[BlackElo "2471"]
[Annotator "TA"]
[PlyCount "44"]
[EventDate "2018.??.??"]
[EventType "swiss"]
[EventCountry "IND"]
[SourceTitle "playchess.com"]
[Source "ChessBase"]
[SourceQuality "1"]

{[%evp 16,44,0,-25,0,-10,52,68,125,0,0,-37,77,39,60,82,312,-170,154,30,273,250,304,310,306,284,321,290,497,471,2166]} 1. e4 c5 2. Nf3 d6 3. Nc3 Nf6 4. d4 cxd4 5. Nxd4 a6 6. Bg5 Nbd7 7. Bc4 Qb6 {B94: Sicilian Najdorf: 6 Bg5 Nbd7} (7... h6 8. Bh4 g6 9. Qe2 Bg7 10. O-O-O O-O 11. Bb3 Qc7 12. Kb1 Rb8 13. f4 e5 14. fxe5 dxe5 15. Nf3 b5 16. g4 {1-0 (61) Nepomniachtchi,I (2751)-Korobov,A (2678) Poikovsky 2018}) 8. O-O Qxb2 9. Qd2 {LiveBook: 8 Games} Qa3 {Black has an edge.} 10. Kh1 e6 ({Black should play} 10... h6 $11 11. Bxf6 Nxf6) 11. f4 $1 $14 Be7 ({Better is} 11... h6 $14 12. Bxf6 Nxf6) 12. Rae1 $146 (12. Bxe6 $1 $16 {aiming for e5!} fxe6 13. Nxe6) ({Predecessor:} 12. Bxe6 fxe6 13. Nxe6 Kf7 14. e5 Kxe6 15. Rae1 {1-0 (27) Makarenko,A (2229)-Drogovoz,I (2253) Khanty-Mansiysk 2015}) 12... h6 $1 $11 {[%cal Rh6g5]} 13. Bh4 g5 (13... O-O $1 $15 {keeps the upper hand.}) 14. fxg5 $16 hxg5 15. Bxg5 {Strongly threatening Bxe6.} Qc5 $2 {[#]} (15... Ne5 $16 16. Bxe6 Bxe6 17. Bxf6 (17. Nxe6 Nfg4 $15) 17... Bxf6 18. Rxf6 Rc8) 16. Bd5 $4 {[%mdl 8192]} (16. Bxe6 $1 $18 {[%mdl 512] is the narrow road to win.} fxe6 17. Nxe6) 16... Rh5 $2 {[#]} (16... exd5 $2 17. exd5 Rb8 18. Rxe7+ $1 {[%mdl 512]} Kxe7 19. Ne4 $18) (16... Ng4 $19 17. Bf4 Bf6) 17. Na4 ({Only move:} 17. Be3 $1 $16 Qa5 18. Bxe6 fxe6 19. Nxe6) 17... Qa3 $2 (17... Qa7 $1 $11 {and Black stays safe.}) 18. Bb3 $18 b5 {[#]} 19. Nb6 $1 {[%cal Rb6d7]} Nxb6 20. Bxf6 Bxf6 21. Rxf6 Qc5 $2 {[#]} (21... Nc4 22. Qf4 (22. Bxc4 Qg3 $16) 22... e5) 22. Nf5 $1 {[%mdl 512]} Rh8 {Precision: White = 24%, Black = 10%.} (22... Kd8 $142 23. Ng7 (23. Rxf7 exf5 24. e5 Bd7 $16) (23. Qxd6+ Qxd6 24. Nxd6 Ke7 $11) 23... Rh8 24. Rxf7 Bd7 25. Nxe6+ Bxe6) (22... exf5 23. Bxf7+) 1-0

[Event "11th Mumbai Mayors Cup 2018"]
[Site "Mumbai"]
[Date "2018.06.09"]
[Round "9"]
[White "Visakh N R"]
[Black "Manik, Mikulas"]
[Result "1/2-1/2"]
[WhiteElo "2467"]
[BlackElo "2399"]
[Annotator "TA"]
[PlyCount "114"]
[EventDate "2018.??.??"]
[EventType "swiss"]
[EventCountry "IND"]
[SourceTitle "playchess.com"]
[Source "ChessBase"]
[SourceQuality "1"]

{[%evp 19,114,-9,-12,-21,52,47,47,53,49,56,61,48,49,8,4,0,2,6,0,0,6,7,29,19,47,47,44,25,25,25,39,25,38,25,43,18,57,34,29,6,35,0,26,39,50,62,63,16,16,16,16,17,29,29,24,26,25,25,27,0,0,4,54,67,59,71,90,33,52,40,58,79,99,112,215,168,212,231,477,466,460,428,838,621,558,412,741,166,701,640,755,13,22,0,0,0,0]} 1. d4 Nf6 2. Bg5 Ne4 3. Bf4 c5 4. f3 Qa5+ 5. c3 Nf6 6. d5 e6 7. e4 exd5 8. exd5 d6 {A45: Trompowsky Attack} 9. Qe2+ (9. Qd2 Nbd7 10. c4 Qxd2+ 11. Kxd2 b5 12. Na3 a6 13. b3 b4 14. Nc2 a5 15. Bd3 Be7 16. a3 {1-0 (48) Yu,Y (2721)-Zhou,J (2635) Shenzhen 2016}) 9... Be7 10. Bxd6 Nxd5 {LiveBook: 11 Games. Black wants to play ...0-0.} 11. Na3 O-O (11... Nc6 $11) 12. Bxe7 $14 Re8 $1 {[%cal Re8e7]} 13. O-O-O $1 (13. Nc4 Qc7 $15) 13... Nxe7 (13... Rxe7 $6 14. Qb5 $18) 14. Qb5 $1 {[%cal Rb5e8]} Nbc6 15. Qxa5 Nxa5 16. Bb5 $146 ({Predecessor:} 16. Nb5) 16... Nec6 17. Ne2 Be6 18. b3 a6 19. Bxc6 Nxc6 (19... bxc6 20. Rhe1 $16) 20. Nf4 Rad8 21. Rxd8 Rxd8 22. Nxe6 fxe6 $11 {[%mdl 4096] Endgame KRN-KRN} 23. Re1 Kf7 24. Nc4 Ke7 25. Kc2 b5 26. Nd2 Rd5 27. Ne4 Na5 28. h4 h6 29. g4 Nb7 30. c4 Rd4 31. Kc3 {Strongly threatening Nxc5!} b4+ 32. Kc2 Rd8 33. h5 Rf8 34. Re3 a5 35. Kd2 a4 36. Ke2 Ra8 37. f4 axb3 38. axb3 Kf7 39. f5 exf5 40. gxf5 Ra2+ 41. Kf3 $1 Rh2 42. Kg4 Rg2+ 43. Kf4 (43. Rg3 $16 Rxg3+ 44. Kxg3) 43... Rh2 $14 44. Rd3 {And now Rd7+ would win.} Ke7 45. Rg3 Kf7 {[#]} 46. Rg6 $1 Rh3 (46... Na5 $16 {is a better defense.}) 47. Rb6 Na5 48. Nxc5 Nxb3 $2 (48... Rxh5 49. Ra6 (49. Rxb4 Nc6 $16) 49... Rh4+ 50. Ke5 Nxb3 51. Ra7+ Kg8 52. Nxb3 Rxc4) 49. Rb7+ $18 Ke8 {[#]} 50. Ne6 $1 Na5 (50... Rh1 $142 51. Nxg7+ Kd8 52. Ne6+ Kc8 53. Rxb4 Na5) 51. Nxg7+ Kd8 52. Ne6+ Kc8 (52... Ke8 $142 53. Rh7 (53. Rxb4 Nxc4 54. Kg4 Rc3 $16) 53... Rh4+ 54. Ke5 Rh2) 53. Rc7+ Kb8 54. f6 {Threatening mate with f7.} Rh1 55. Rc5 $2 (55. f7 $18 {[%cal Rf7f8]} Rf1+ 56. Ke5 Nxc4+ 57. Rxc4 Rxf7 58. Rxb4+ Kc8 59. Rd4) 55... Nxc4 $1 $11 {The position is equal.} 56. f7 ({Resist} 56. Rxc4 $6 Rh4+ 57. Ke3 Rxc4 $18) 56... Rf1+ 57. Kg3 {Intending Nf4 and mate.} Nd6 {Precision: White = 60%, Black = 55%.} 1/2-1/2